000 nam a22 7a 4500
999 _c7218
_d7218
008 170731b xxu||||| |||| 00| 0 eng d
100 _93794
_aStella.D
245 _aEncyclopedia of Communication
260 _aNew Delhi
_bAnmol Pub
_c2006